The Black Quiz II Stats

 Plays Quiz Updated Jun 14, 2018

Score 0/30 Timer 06:00
0 Plays Today
Hint Answer % Correct
The highest rank in many forms of martial artsBlack belt
95.5%
Actor in 'School of Rock' and 'Kung Fu Panda'Jack Black
93.5%
Dress code of a semi-formal eventBlack tie
93.2%
Body of water bordered by Turkey and RussiaBlack Sea
92.8%
In the U.S., it's bad luck if this crosses your pathBlack cat
92.2%
Hip hop group featuring will.i.am and FergieBlack Eyed Peas
90%
Pandemic that killed half of Europe in the 1300sBlack Death
89.6%
Frozen water that is transparentBlack ice
89.2%
An airplane's flight data recorderBlack box
81.4%
Alternative phrase for being bruisedBlack and blue
80.7%
Common name for the Wall Street Crash of 1929Black Tuesday
77.7%
Jack Sparrow's 'Pirates of the Caribbean' shipBlack Pearl
74.9%
Corporation that sells power tools and hardwareBlack & Decker
74.4%
Slang for crude oilBlack gold
69.9%
Chicago team that threw the 1919 World SeriesBlack Sox
69.4%
Hint Answer % Correct
The 7th studio album from AC/DCBack in Black
67.1%
Harry Potter's godfatherSirius Black
66%
Far left African-American group in the 1960s-70sBlack Panther Party
65.8%
A ski trail meant only for expert skiersBlack diamond
65%
A morbid or gloomy humorous play or movieBlack comedy
63.3%
Censorship of news relating to a certain topicMedia blackout
60.8%
Common species of ursine mammalBlack bear
51.7%
1991 Michael Jackson single from 'Dangerous'Black or White
48.5%
Johnny Cash's nicknameMan in Black
46.9%
Segue from a film's final scene to its creditsFade to black
35.3%
Nickname of New Zealand's rugby union teamAll Blacks
26.5%
Premier League team based in LancashireBlackburn Rovers
19.4%
Series of BBC sitcoms that began in 1983Blackadder
15%
Mark Bowden book or its 2001 film adaptationBlack Hawk Down
11.5%
Lead singer of Pixies born Charles Thompson IVBlack Francis
7%

You're not logged in!

Compare scores with friends on all Sporcle quizzes.
OR
Log In

Sporcle TV

Today on Sporcle TV


Watch our educational content, quiz creation guides, and fun videos on Sporcle TV.

Show Comments

Extras

Top Quizzes Today


Score Distribution

Your Account Isn't Verified!

In order to create a playlist on Sporcle, you need to verify the email address you used during registration. Go to your Sporcle Settings to finish the process.

Report this User

Report this user for behavior that violates our Community Guidelines.

Details: